Corsica Quiz - Statistics

General Stats
  • This quiz has been taken 49 times
  • The average score is 3 of 5
Answer Stats
Question Answer % Correct
What is the flag of Corsica
100%
What is the official language of Corsica French
91%
What is the population of Corsica 338,000
82%
What is the area (km2) of Corsica 8,700
64%
What time zone is Corsica in Central Europe Time
9%
No matching quizzes found
Score Distribution
Percent of People with Each Score
Percentile by Number Answered
Your Score History
You have not taken this quiz